00638nam a2200217 u 45000010006000000050017000060080041000230350010000640350021000740400013000950410008001080820008001161100021001242450083001452500010002282600030002383000018002686500018002866500024003047100092003283552320260504072250.0960313s1980 spa  a35523 a(OCoLC)778082617 ccomduadb aspa 4a57400aUnesco4auteaut10aEcosistemas de los bosques tropicales informe sobre el estado de conocimientos a01.ED aFrancia :bUnesco,c1980. a771 páginas 7aBosques2lemb aEcología forestal20aOrganización de las Naciones Unidas para la Agricultura y la Alimentación4auteaut